000 00340nam a2200121Ia 4500
008 230907s9999||||xx |||||||||||||| ||und||
082 _a891.4393
_bNAS
245 0 _aاور تلوار ٹوٹ گئی , Aur talwar toot gai /
260 _aJahangir Book Depot.,
_bLahore :
_c2005
300 _a575 p.
650 _aUrdu Literature
942 _cBK
999 _c599715
_d599715